|
|
|
|
| LEADER |
00000nab a2200000 a 4500 |
| 001 |
vtls000590778 |
| 003 |
SK-MaSNL |
| 005 |
20260304094850.0 |
| 008 |
250425c1996 xo 0 slo |
| 015 |
|
|
|a SNBRB19rr/mm-uuuuu
|
| 035 |
|
|
|a CL0590917
|
| 035 |
|
|
|a urn:nbn:sk:snk-abbq1v
|
| 035 |
|
|
|a (urnnbn)urn:nbn:sk:snk:ar-a09ukl
|
| 035 |
|
|
|a (uuid)21b6aa28-5ee3-403e-8d18-ac94c9f00670
|
| 040 |
|
|
|a SNKBUCL
|b slo
|c SNKBUCL
|e AACR2
|
| 041 |
0 |
|
|a slo
|
| 044 |
|
|
|a xo
|c SK
|
| 080 |
|
|
|a 621.65.01:621.227.01:532.5
|2 1981
|
| 080 |
|
|
|a 621.227.01
|2 1981
|
| 080 |
|
|
|a 532.5
|2 1981
|
| 100 |
1 |
|
|a Knížat, Branislav,
|d 1966-
|4 aut
|9 211715
|
| 245 |
1 |
0 |
|a Geometrická a hydraulická väzba obežného kolesa a difúzora hydrodynamického čerpadla
|c Branislav Knížat, Michal Varchola
|
| 300 |
|
|
|b Obr. 8, tab. 1, res. angl., lit. 7 zázn. v angl., slov.
|
| 650 |
0 |
7 |
|a hydrodynamické čerpadlá
|2 snkbucl
|9 166857
|
| 655 |
|
7 |
|a články z novín a časopisov
|2 snkbucl
|9 267496
|
| 700 |
1 |
|
|a Varchola, Michal,
|d 1946-
|4 aut
|9 198119
|
| 773 |
0 |
|
|t Strojnícky časopis
|g Roč. 47, č. 2 (1996), s. 115-123
|x 0039-2472
|
| 850 |
|
|
|a Slovenská národná knižnica
|
| 852 |
|
|
|a Slovenská národná knižnica
|
| 954 |
|
|
|a odborná, vedecká literatúra pôvodná (slovenská)
|2 lita
|
| 958 |
|
|
|a article15
|
| 958 |
|
|
|a NB
|
| 958 |
|
|
|a RK
|
| 958 |
|
|
|a OND
|
| 958 |
|
|
|a EUIPO
|
| 992 |
|
|
|a RBX
|
| 999 |
|
|
|c 2829353
|d 2831283
|